000 00997cam a2200277 a 4500
001 633174
003 OSt
005 20150408113723.0
008 930602s1994 nyu d 000 0 eng
010 _a 93005188
020 _a0471597325 (cloth : acidfree paper)
020 _a0471597317 (pbk. : acidfree paper)
040 _aDLC
_cDLC
_dDLC
050 0 0 _aHF1373
_b.R67 1994
082 0 0 _a382.03
_220
100 1 _aRosenberg, Jerry Martin.
_96014
245 1 0 _aDictionary of international trade /
_cJerry M. Rosenberg.
260 _aNew York :
_bJ. Wiley,
_cc1994.
300 _axii, 314 p. ;
_c24 cm.
440 0 _aBusiness dictionary series
_96015
650 0 _aInternational trade
_xDictionaries.
_96016
740 0 _aInternational trade.
856 4 2 _3Publisher description
_uhttp://www.loc.gov/catdir/enhancements/fy0707/93005188-d.html
942 _2ddc
_cBOOK
999 _c816
_d235316